000 00815nam a2200265Ia 4500
003 OSt
005 20221005082320.0
006 a|||||r|||| 00| 0
007 ta
008 221004b |||||||| |||| 00| 0 eng d
020 _a8183870317 (hbk)
_c895
024 _a99836
037 _b062, 13/11/2009, Independent Publishers Group
_cTextual
040 _aCRL
_cCRL
_beng
041 _2eng
_aeng
082 _aX:322.2, P6
100 _aMurthy N.Linga Ed.
_9611789
245 0 _aLand question in India
260 _aNew Delhi
_bSerials India
_c2006
300 _axxiii,344p.
_ccm.
650 _aECONOMICS
700 _a Rajaiah G. Ed.
_9611790
942 _hX:322.2, P6
_cTEXL
_2cc
999 _c989107
_d989107